| 000 | 00907nmm a2200289 a 4500 | ||
|---|---|---|---|
| 001 | ocm000605258 | ||
| 003 | TR-IsHL | ||
| 005 | 20201028130241.0 | ||
| 008 | 130927s1996 tu tur | ||
| 007 | cr cn | ||
| 020 | _a9789753860314 | ||
| 035 |
_a605258 _b(N$T) |
||
| 050 | 0 | 4 |
_aPG3457 _b.K6 1996 |
| 090 | 0 | 4 |
_aPG3457 _b.K6 1996 |
| 100 | 1 | _aÇehov, Antan | |
| 245 | 1 | 0 |
_aKöylüler: mujikler _h[electronic resource] / _cAntan Çehov ; çev. Zeki Baştımar |
| 250 | _a1. bs. | ||
| 260 |
_aİstanbul : _bYaba Yayınları, _c1996 |
||
| 300 | _a136 p. | ||
| 650 | 4 | _aDil ve Edebiyat | |
| 650 | 4 | _aLanguage and Literature | |
| 650 | 0 | _aRus romanı | |
| 650 | 0 | _aRussian fiction | |
| 650 | 7 |
_aLITERARY COLLECTIONS / Russian & Former Soviet Union _2bisacsh |
|
| 700 | 1 | _aBaştımar, Zeki | |
| 856 | 4 | 0 | _uhttp://search.ebscohost.com/login.aspx?direct=true&scope=site&db=e011xww&AN=605258 |
| 999 |
_c3921 _d3921 |
||